Quiz o Dragon Ball - Poziom Hardkor - Statystyki

Ogólne statystyki
  • Ten quiz został rozwiązany 4 razy
  • Średni wynik to 6 z 25
Statystyki odpowiedzi
Pytanie Odpowiedź % Poprawnych
(Klasyczny DB) - Jak nazywa się arena walki na której walczył Yamcha podczas turnieju Uranai Baby (Wersja z RTL jest również uznawana) Diabelska Fosa / Czarci Kibel
67%
(Dragon Ball Super Manga) - Jak nazywał się nameczanin, który został uratowany przez Vegete w sadze Moro Esca
67%
(Dragon Ball Śpiąca Królewna W Diabelskim Zamku) - Na jakim zwierzęciu jeździł Krillin Bizon
33%
(Dragon Ball Z) - W jakim mieście Imperfect Cell i Piccolo się zmierzyli? Ginger Town
33%
(Dragon Ball GT) - Rozwiń skrót GT Grand Tour
33%
(Dragon Ball Zemsta Coolera) - Kto budzi Krillina w filmie Icarus
33%
(Dragon Ball Bio Broly) - Jak nazywa się rywal Mr Satana Lord Jaguar
33%
(Dragon Ball Z) - Jak nazywa się korepetytor Gohana Mr Shu
33%
(Dragon Ball Daima) - Jak ma na imię Shin Nahare
33%
(Dragon Ball Mistyczna Przygoda) - Laleczka należąca do Chiaotzu to Ran Ran
33%
(Dragon Ball Battle of Gods) - Jaki przedmiot jako pierwszy pofarbował Pilaf zielonym sprejem. Samolot
33%
(Dragon Ball Fusion Reborn) - Podaj nazwisko aktora głosowego, który w wersji polskiej podkłada głos Vegecie Szyc
33%
(Dragon Ball Bojack Unbound) - Jak miał na imię wojownik, z którym zmierzył się Gohan jako pierwszy w filmie Udo
33%
(Klasyczny DB) - Dzięki czemu Popo mógł stworzyć klona Goku (Wersja z RTL jest również uznawana) Woda życia / Życiodajna woda
33%
(Klasyczny DB) - Jak inaczej jest nazywany fioletowy agent Ninja Murasaki. Określenie nadal mu Generał Biały (Wersja z RTL jest również uznawana) Wysłannik Śmierci / Posłaniec Śmierci
33%
(Dragon Ball Super Anime) - Jak nazywała się wojowniczka, która chciała się zemścić na Tienshinhanie. Yurin
33%
(Dragon Ball Legenda Shenlonga) - Smocza kula, którą ukradła Pasta została podmieniona na Złota moneta
33%
(Dragon Ball Z) - Jak nazywają się drzewa z planety Namek (Japońska nazwa) Ajissa
0%
(Dragon Ball Super Anime) - Jak nazywa się rasa z 10 wszechświata, którą chciał zniszczyć Zamasu, ponieważ według niego nigdy nie stworzyliby cywilizacji Babarianie
0%
(Dragon Ball Super Manga) - Kto zniszczył księżyc na planecie Cerealian Flayk
0%
(Dragon Ball Najsilniejszy na świecie) - Baza Dr. Kochina i Dr. Wheelo mieści się w jakich górach? Góry Tsurumai-Tsuburi / Tsumisumbri
0%
(Dragon Ball Martwa Strefa) - Jak nazywa się planeta z której pochodzi Garlic Jr. Gwiazda Makyo
0%
(Dragon Ball Daima) - Lider Żandarmerii Kadem
0%
(Dragon Ball GT) - Jak nazywał się chłopak, który stał się przyjacielem Goku Jr. w "A Hero's Legacy" Puck
0%
(Dragon Ball Lord Slug) - Kogo jako pierwszego zabił Lord Slug Zeeun
0%
Nie znaleziono quizów pasujących do podanych kryteriów
Rozkład punktacji
Procent ludzi z każdym wynikiem
Percentyl według liczby udzielonych odpowiedzi
Twoja historia wyników
Nie rozwiązałeś tego quizu